| 000 | 00989nam a2200277 4500 | ||
|---|---|---|---|
| 001 | 11959 | ||
| 003 | ES-MaACL | ||
| 005 | 20230906150217.0 | ||
| 007 | t| | ||
| 008 | 000000s19840000sp a ||||0| spa d | ||
| 016 | 7 | _zIBH8605101963 | |
| 020 | _a84-7506-139-7 | ||
| 040 |
_aIBH _bspa _cM-BN-DP |
||
| 080 | _a627.82(46) | ||
| 245 | 0 | 0 |
_aCatálogo de noventa presas y azudes españoles anteriores a 1900 / _cpor José A. Fernández Ordóñez, director ; Rosario Martínez Vázquez de Parga... [et al.]. |
| 260 |
_aMadrid : _bComisión de Estudios Históricos de Obras Públicas y Urbanismo, _cD.L. 1984. |
||
| 300 |
_a511 p : _bil ; _c25 cm. |
||
| 490 | 1 | _aBiblioteca CEHOPU | |
| 504 | _aBibliografía. -- Indice. | ||
| 650 | 1 | 4 |
_aPresas- _zEspaña. _916377 |
| 700 | 1 |
_aMartínez Vázquez de Parga, Rosario. _978472 |
|
| 700 | 1 |
_aFernández Ordóñez, José A. _949969 |
|
| 830 | 0 |
_aBiblioteca CEHOPU _9179233 |
|
| 852 |
_aES-MaACL _jL-19261 _bR.117311 |
||
| 999 |
_c11959 _d11959 |
||